000 00469nam a2200181Ia 4500
001 11416
005 20260306162826.0
008 260306t1999||||xx |||||||||||||| ||spa||
041 _aESP
082 _a985.04
_bV75 T. 2
100 _aAljovín, Cristóbal
_eAUT
245 0 _aJuan Pablo Viscardo y Guzmán (1748-1798):
_bel hombre y su tiempo
260 _c1999
300 _a374 páginas :
_c21 cm.
650 _aGEN
654 _aCHU
942 _cLIB
_dJUS
_fJUS
_2ddc
_n
999 _c11416
_d11416